000 00827nam a2200241 a 4500
001 000016778
003 DO-SdBNP
005 20250306120752.0
007 ta
008 100310s1984 dr 000 0 spa d
040 _aDO-SdBNP
_bspa
_cBNPHU
082 _a378.7293
_bU58t
110 1 _aUniversidad Autónoma de Santo Domingo
_972951
245 1 0 _aTalleres evaluación, diagnóstico y prospección de la UASD :
_bOPLAU-CERESD 1966-1984.
260 _aSanto Domingo :
_bUASD,
_c1984.
300 _a348 p. ;
_c21 cm.
590 _aInventariado, 2018/ YL
610 _aUniversidad Autónoma de Santo Domingo
650 4 _aRendimiento academico
_xEvaluacion
_vCONGRESOS, CONFERENCIAS, ETC.
_937179
650 4 _aUniversidades
_xRepública dominicana
_937180
910 _aValidado. Control de calidad EMS.
942 _2ddc
_cLBS1
999 _c16310
_d16310